000 00464nab a2200145Ia 4500
003 ES-SlBCS
005 20210601135034.0
008 140529s2011 xxu||||| |||| 00| 0 spa d
041 _aspa
100 1 _aPaciorek, Piotr
_9166589
245 0 0 _aLa hermenéutica antropológica en la teología patrística
_c Piotr Paciorek
650 0 4 _aHermenéutica Antropológica
_9220458
773 0 _tAugustinus
_gvol. 56, nº. 220-221, 2011, págs. 165-174
_wRev73
942 _cAR
999 _c621976
_d621976